000 00395pab a2200157 454500
008 180718b2016 xxu||||| |||| 00| 0 eng d
100 _aNeelam Kumari
245 _aPursuance of core principles of police reforms: a critique
260 _c2016
300 _ap.124.
362 _aApr-Sep
650 _aPolice
700 _aSharma, R.K.
773 _aIndian Police Journal
909 _a113864
999 _c113858
_d113858